النحو الوافي مع ربطه بالأساليب الرفيعة والحياة اللغوية المتجددة. (رقم التسجيلة. 2070)
[ عرض عادي ]
| 000 -الفاتح | |
|---|---|
| حقل البيانات ثابتة الطول | 00732cam a2200229a 44500 |
| 003 - محدد رقم الضبط | |
| رقم الضبط | OSt |
| 005 - وقت وتاريخ اخر تعامل مع التسجيلة | |
| رقم الضبط | 20150408113734.0 |
| 008 - عناصر البيانات ثابتة الطول - معلومات عامة | |
| حقل البيانات ثابتة الطول | 030308s1976 ua g 00000 ara dd |
| 020 ## - الرقم الدولى المعيارى للكتب | |
| الرقم الدولى المعيارى للكتاب | 9772465574 |
| 040 ## - مصدر الفهرسة | |
| وكالة الفهرسة الأصلية | mu |
| لغة الفهرسة | ara |
| وكالة النسخ | mb |
| 041 ## - رمز اللغة | |
| رمز لغة النص/ المسارات الصوتية أو العنوان الانفرادي | عربي |
| 072 ## - رمز الفئه الموضوعية | |
| رمز فئه الموضوع | 045 |
| مجموعة رمز فئه الموضوع | اللغة العربية |
| 082 04 - رقم تصنيف ديوى العشرى | |
| رقم التصنيف | 415.1 |
| 092 ## - رقم استدعاء ديوى المحلى | |
| رقم التصنيف | 415.1 |
| رقم المادة | ح ع ن |
| 100 1# - المدخل الرئيسى - إسم شخصى | |
| الإسم الشخصى | حسن، عباس حسن. |
| 9 (RLIN) | 2076 |
| 245 12 - بيان العنوان | |
| العنوان | النحو الوافي مع ربطه بالأساليب الرفيعة والحياة اللغوية المتجددة. |
| بيان المسئوليه,etc | عباس حسن. |
| 250 ## - بيان الطبعة | |
| بيان الطبعة | ط. 4. |
| 260 ## - PUBLICATION, DISTRIBUTION, ETC. (IMPRINT) | |
| مكان الناشر او الموزع | القاهرة |
| اسم الناشر او الموزع | دار المعارف، |
| تاريخ النشر أو التوزيع | 1973 |
| 300 ## - الوصف المادى | |
| التعداد | 4 ج |
| أبعاد الوعاء | 24 سم. |
| 650 ## - المدخل الاضافى بالموضوع-مصطلح موضوعى | |
| مصطلح موضوعي أو اسم جغرافي كعنصر مدخل | اللغة العربية |
| التقسيم الفرعي العام | النحو |
| مصدر الرأس أو المصطلح | aucsh.\\ |
| 942 ## - عناصر المدخل الإضافي( كوها) | |
| مصدر التصنيف او مخطط الترفيف | Dewey Decimal Classification |
| Koha [default] item type | مراجع |
| حالة الفقد | نموذج السعر الفعال | حالة تلف | ليس للاعارة | رقم الطلب | تاريخ الاكتساب | الموقع الحالي | الباركود | الفرع الرئيسي | Date last seen | نوع المادة فى نظام كوها | مصدر التصنيف او خطة الترفيف | Total Checkouts | Date last checked out |
|---|---|---|---|---|---|---|---|---|---|---|---|---|---|
| 2013-03-10 | 415.1 ج3ح ع ن | 2011-08-05 | مكتبة مجمع الطالبات بالمجمعة (EMF) | 00022754 | مكتبة مجمع الطالبات بالمجمعة (EMF) | 2013-03-10 | مراجع | Dewey Decimal Classification | |||||
| 2013-03-10 | 415.1 ج2 ح ع ن | 2011-08-17 | مكتبة مجمع الطالبات بالمجمعة (EMF) | 00019513 | مكتبة مجمع الطالبات بالمجمعة (EMF) | 2013-03-10 | مراجع | Dewey Decimal Classification | |||||
| 2013-03-10 | 415.1 ج2 ح ع ن | 2011-08-17 | مكتبة مجمع الطالبات بالمجمعة (EMF) | 00019506 | مكتبة مجمع الطالبات بالمجمعة (EMF) | 2013-03-10 | مراجع | Dewey Decimal Classification | |||||
| 2013-03-10 | 415.1 ج3 ح ع ن | 2011-08-17 | مكتبة مجمع الطالبات بالمجمعة (EMF) | 00019426 | مكتبة مجمع الطالبات بالمجمعة (EMF) | 2013-03-10 | مراجع | Dewey Decimal Classification | |||||
| 2013-03-10 | 415.1 ج4 ح ع ن | 2011-08-17 | مكتبة مجمع الطالبات بالمجمعة (EMF) | 00019430 | مكتبة مجمع الطالبات بالمجمعة (EMF) | 2013-03-10 | مراجع | Dewey Decimal Classification | |||||
| 2013-03-10 | 415.1 ج4 ح ع ن | 2011-08-17 | مكتبة مجمع الطالبات بالمجمعة (EMF) | 00019504 | مكتبة مجمع الطالبات بالمجمعة (EMF) | 2013-03-10 | مراجع | Dewey Decimal Classification | |||||
| 2013-03-10 | 415.1 ج1 ح ع ن | 2011-08-25 | مكتبة مجمع الطالبات بالمجمعة (EMF) | 00030946 | مكتبة مجمع الطالبات بالمجمعة (EMF) | 2013-03-10 | مراجع | Dewey Decimal Classification | |||||
| 2013-03-10 | 415.1 ج4 ح ع ن | 2011-08-25 | مكتبة مجمع الطالبات بالمجمعة (EMF) | 00018389 | مكتبة مجمع الطالبات بالمجمعة (EMF) | 2013-03-10 | مراجع | Dewey Decimal Classification | |||||
| 2013-03-10 | 415.1 ج3 ح ع ن | 2011-08-25 | مكتبة مجمع الطالبات بالمجمعة (EMF) | 00018388 | مكتبة مجمع الطالبات بالمجمعة (EMF) | 2013-03-10 | مراجع | Dewey Decimal Classification | |||||
| 2013-03-10 | 415.1 ج3 ح ع ن | 2011-08-25 | مكتبة مجمع الطالبات بالمجمعة (EMF) | 00018387 | مكتبة مجمع الطالبات بالمجمعة (EMF) | 2013-03-10 | مراجع | Dewey Decimal Classification | |||||
| 2013-03-10 | 415.1 ح ع ن | 2011-08-27 | مكتبة مجمع الطالبات بالمجمعة (EMF) | 00019477 | مكتبة مجمع الطالبات بالمجمعة (EMF) | 2022-09-01 | مراجع | Dewey Decimal Classification | 1 | 2022-01-25 | |||
| 2013-03-10 | 415.1 ح ع ن | 2011-08-28 | مكتبة مجمع الطالبات بالمجمعة (EMF) | 00021276 | مكتبة مجمع الطالبات بالمجمعة (EMF) | 2013-03-10 | مراجع | Dewey Decimal Classification |
